00862nam a2200229 a 450000100100000000500170001000800410002704000250006808200210009310000370011424500650015126000680021630000210028449000370030549000170034265000300035965000320038983000600042104900090048195201250049099900170061500002485620200930023418.0100712s1973 ck 000 p spa d aDO-SdBNPbspacBNPHU aCo861.4bC312ó1 aCarranza, Eduardo,d1913-95101113aEl olvidado y otros poemas :b1952-1972 /cEduardo Carranza. aBogotá, (Colombia) :bInstituto Colombiano de Cultura,c1973. a125 p. ;c17 cm.1 aBiblioteca colombiana de cultura1 aPopularv112 4aPoesía colombiana93742 4aLiteratura colombiana91244 0aBiblioteca Colombiana de Cultura,pPopular;v112947976 aBNGR 001054708MOaGRbGRcCTd2011-02-07iLF1l0oCo861.4 C312óp24856-10r2020-06-25w2020-06-25y4ZPréstamo en sala c24349d24349